[Event "Pobla de Lillet op 32nd"]
[Site "La Pobla de Lillet"]
[Date "2023.08.10"]
[Round "9"]
[White "Povill Claros, Xavier"]
[Black "Luke Brezmes, Cristofer"]
[Result "1-0"]
[WhiteElo "2300"]
[BlackElo "2087"]
[PlyCount "63"]
[EventDate "2023.08.02"]
[EventType "swiss"]
[EventRounds "9"]
[EventCountry "ESP"]
[SourceTitle "CBM 215 Extra"]
[Source "ChessBase"]
[SourceDate "2023.09.30"]
[SourceVersion "1"]
[SourceVersionDate "2023.09.30"]
[SourceQuality "1"]

1. e4 e6 2. d4 d5 3. exd5 exd5 4. Nf3 Bd6 5. c4 dxc4 6. Bxc4 Nf6 7. 0-0 0-0 8. h3 h6 9. Qc2 Nc6 10. Nc3 Nb4 11. Qb1 c6 12. Bxh6 gxh6 13. Qg6+ Kh8 14. Qxh6+ Nh7 15. Ne4 Be7 16. Ne5 Nd5 17. f4 Bf5 18. Ng5 Bxg5 19. fxg5 Bg6 20. Bd3 Bxd3 21. Rxf7 Qxg5 22. Rxh7+ Bxh7 23. Qxg5 Rf5 24. Ng6+ Bxg6 25. Qxg6 Raf8 26. Re1 R5f6 27. Qh5+ Kg7 28. Re4 Rf1+ 29. Kh2 R8f2 30. Rg4+ Kf8 31. Qh8+ Ke7 32. Rg7+ 1-0

[Event "Pobla de Lillet op 32nd"]
[Site "La Pobla de Lillet"]
[Date "2023.08.08"]
[Round "7"]
[White "Povill Claros, Xavier"]
[Black "Marzo Pie, Xavier"]
[Result "1-0"]
[WhiteElo "2300"]
[BlackElo "2069"]
[PlyCount "65"]
[EventDate "2023.08.02"]
[EventType "swiss"]
[EventRounds "9"]
[EventCountry "ESP"]
[SourceTitle "CBM 215 Extra"]
[Source "ChessBase"]
[SourceDate "2023.09.30"]
[SourceVersion "1"]
[SourceVersionDate "2023.09.30"]
[SourceQuality "1"]

1. e4 d6 2. d4 Nf6 3. Nc3 g6 4. Bg5 Nbd7 5. Qd2 h6 6. Bf4 e5 7. dxe5 dxe5 8. Bg3 Bg7 9. 0-0-0 Qe7 10. f3 c6 11. a4 b6 12. Bc4 a6 13. Qd6 Qxd6 14. Rxd6 Bb7 15. Nge2 b5 16. Bb3 Bf8 17. Rd2 Bc5 18. Kb1 Ke7 19. Rhd1 Rhd8 20. Bh4 g5 21. Be1 Bb4 22. Ng3 bxa4 23. Nf5+ Ke8 24. Nxa4 Bxd2 25. Bxd2 Kf8 26. Nxh6 g4 27. Nxf7 Rdb8 28. Bc3 gxf3 29. gxf3 Re8 30. Nd6 Reb8 31. Ba5 Bc8 32. Bc7 Rb4 33. Nxc8 1-0

[Event "Pobla de Lillet op 32nd"]
[Site "La Pobla de Lillet"]
[Date "2023.08.04"]
[Round "3"]
[White "Povill Claros, Xavier"]
[Black "Valenzuela Gomez, Fernando Alberto"]
[Result "1/2-1/2"]
[WhiteElo "2300"]
[BlackElo "2393"]
[PlyCount "123"]
[EventDate "2023.08.02"]
[EventType "swiss"]
[EventRounds "9"]
[EventCountry "ESP"]
[SourceTitle "CBM 215 Extra"]
[Source "ChessBase"]
[SourceDate "2023.09.30"]
[SourceVersion "1"]
[SourceVersionDate "2023.09.30"]
[SourceQuality "1"]

1. e4 e6 2. d4 d5 3. exd5 exd5 4. Nf3 Nf6 5. Bd3 c5 6. 0-0 c4 7. Re1+ Be7 8. Bf1 0-0 9. b3 cxb3 10. axb3 Nc6 11. Ne5 Ne4 12. Nxc6 bxc6 13. Bd3 f5 14. Ba3 Bxa3 15. Nxa3 Qf6 16. Bf1 f4 17. f3 Nd6 18. c4 Nf5 19. Nc2 Be6 20. Qd2 g5 21. Ra6 Bc8 22. Ra5 dxc4 23. Bxc4+ Kh8 24. Ree5 h6 25. Bd3 Ng7 26. Qe2 Be6 27. Qe4 Bg8 28. Nb4 Rfc8 29. Re7 Rab8 30. Raxa7 Rxb4 31. Rxg7 Qxd4+ 32. Qxd4 Rxd4 33. Rg6 Rxd3 34. Rxh6+ Bh7 35. Rhxh7+ Kg8 36. Rhg7+ Kh8 37. h4 gxh4 38. Rh7+ Kg8 39. Rag7+ Kf8 40. Rf7+ Kg8 41. Rfg7+ Kf8 42. Rg4 Rcd8 43. Rxf4+ Kg8 44. Rfxh4 R8d5 45. Rc7 Rg5 46. Rb4 Rb5 47. Rg4+ Kf8 48. Rxc6 Rdxb3 49. Rc7 Rh5 50. Ra4 Rb8 51. Raa7 Kg8 52. Rg7+ Kh8 53. g4 Rh1+ 54. Kg2 Rb2+ 55. Kg3 Rh3+ 56. Kf4 Rxf3+ 57. Kxf3 Rf2+ 58. Ke4 Rf4+ 59. Kd5 Rf5+ 60. Ke6 Rf6+ 61. Kd5 Rf5+ 62. gxf5 1/2-1/2

[Event "Pobla de Lillet op 32nd"]
[Site "La Pobla de Lillet"]
[Date "2023.08.02"]
[Round "1"]
[White "Povill Claros, Xavier"]
[Black "Simon del Sol, Jaume"]
[Result "1-0"]
[WhiteElo "2300"]
[BlackElo "1934"]
[PlyCount "31"]
[EventDate "2023.08.02"]
[EventType "swiss"]
[EventRounds "9"]
[EventCountry "ESP"]
[SourceTitle "CBM 215 Extra"]
[Source "ChessBase"]
[SourceDate "2023.09.30"]
[SourceVersion "1"]
[SourceVersionDate "2023.09.30"]
[SourceQuality "1"]

1. e4 g6 2. d4 Bg7 3. Bc4 c6 4. Bb3 d5 5. e5 h5 6. h3 Nh6 7. Nf3 Bf5 8. Nbd2 Nd7 9. 0-0 e6 10. Re1 Qe7 11. Nf1 0-0-0 12. Bf4 f6 13. exf6 Bxf6 14. Qd2 Nf7 15. Qa5 g5 16. Qc7# 1-0

[Event "La Pobla de Lillet op-A 30th"]
[Site "La Pobla de Lillet"]
[Date "2021.08.06"]
[Round "5"]
[White "Povill Claros, Xavier"]
[Black "Rojas Keim, Luis Alberto"]
[Result "0-1"]
[WhiteElo "2322"]
[BlackElo "2378"]
[PlyCount "60"]
[EventDate "2021.08.02"]
[EventType "swiss"]
[EventRounds "9"]
[EventCountry "ESP"]
[SourceTitle "EXT 2022"]
[Source "ChessBase"]
[SourceDate "2021.10.06"]
[SourceVersion "1"]
[SourceVersionDate "2021.10.06"]
[SourceQuality "1"]

1. e4 e6 2. d4 d5 3. exd5 exd5 4. Nf3 Bg4 5. h3 Bh5 6. Qe2+ Qe7 7. Be3 Nc6 8. Nc3 0-0-0 9. g4 Bg6 10. 0-0-0 f6 11. Bg2 a6 12. Ne1 Bf7 13. Nd3 Qd7 14. Nf4 Nge7 15. Na4 Ng6 16. Qd2 Nb4 17. Nc3 Nxf4 18. Bxf4 Bg6 19. a3 Nxc2 20. Nxd5 Bd6 21. Be3 Kb8 22. Qc3 Qa4 23. Rd2 Na1 24. b4 Nb3+ 25. Kb2 Nxd2 26. Bxd2 Bf7 27. Ne3 Bf4 28. Bf3 Rxd4 29. Qxd4 Be5 30. Qxe5 Qb3+ 0-1

[Event "La Pobla de Lillet op-A 30th"]
[Site "La Pobla de Lillet"]
[Date "2021.08.04"]
[Round "3"]
[White "Povill Claros, Xavier"]
[Black "Muratet Casadevall, Albert"]
[Result "1-0"]
[WhiteElo "2322"]
[BlackElo "2092"]
[PlyCount "65"]
[EventDate "2021.08.02"]
[EventType "swiss"]
[EventRounds "9"]
[EventCountry "ESP"]
[SourceTitle "EXT 2022"]
[Source "ChessBase"]
[SourceDate "2021.10.06"]
[SourceVersion "1"]
[SourceVersionDate "2021.10.06"]
[SourceQuality "1"]

1. e4 Nf6 2. e5 Nd5 3. d4 d6 4. Nf3 Bg4 5. Be2 c6 6. Ng5 Bxe2 7. Qxe2 dxe5 8. dxe5 e6 9. 0-0 Nd7 10. c4 Ne7 11. h4 Qc7 12. Nf3 0-0-0 13. Nc3 Ng6 14. Re1 h5 15. Bg5 Re8 16. Rab1 f6 17. exf6 gxf6 18. Bd2 Rg8 19. b4 Nf4 20. Bxf4 Qxf4 21. g3 Qg4 22. Ne4 f5 23. Neg5 Bd6 24. c5 Bc7 25. b5 Nxc5 26. bxc6 Bb6 27. cxb7+ Kxb7 28. a4 Ne4 29. a5 Nxg3 30. Rxb6+ axb6 31. fxg3 Qxg3+ 32. Kf1 e5 33. Qb5 1-0

[Event "La Pobla de Lillet op-A 29th"]
[Site "La Pobla de Lillet"]
[Date "2019.08.07"]
[Round "6"]
[White "Povill Claros, Xavier"]
[Black "Simon Padros, Emili"]
[Result "1-0"]
[WhiteElo "2276"]
[BlackElo "2110"]
[PlyCount "87"]
[EventDate "2019.08.02"]
[EventType "swiss"]
[EventRounds "9"]
[EventCountry "ESP"]
[SourceTitle "EXT 2020"]
[Source "ChessBase"]
[SourceDate "2019.10.17"]
[SourceVersion "1"]
[SourceVersionDate "2019.10.17"]
[SourceQuality "1"]

1. e4 e6 2. d4 d5 3. Bd3 Nf6 4. e5 Nfd7 5. f4 c5 6. c3 b6 7. Nf3 Ba6 8. f5 Bxd3 9. Qxd3 Be7 10. 0-0 Nc6 11. a3 c4 12. Qc2 Na5 13. Nbd2 Qc7 14. Rf2 Qc6 15. Rb1 exf5 16. Qxf5 Qe6 17. Qxe6 fxe6 18. Nf1 h6 19. Ng3 0-0 20. Nh5 Rf7 21. Be3 b5 22. g4 Nf8 23. Nf4 g6 24. h4 Nc6 25. Rbf1 Nd8 26. Nh3 Kg7 27. Kg2 a5 28. Kg3 Ra7 29. h5 g5 30. Nfxg5 Rxf2 31. Rxf2 hxg5 32. Nxg5 Nh7 33. Nxh7 Kxh7 34. g5 Kg7 35. g6 b4 36. Kg4 bxa3 37. bxa3 Bxa3 38. Bg5 Nf7 39. gxf7 Rxf7 40. Ra2 Bb4 41. Bf6+ Rxf6 42. exf6+ Kxf6 43. cxb4 axb4 44. Ra7 1-0

[Event "La Pobla de Lillet op-A 29th"]
[Site "La Pobla de Lillet"]
[Date "2019.08.06"]
[Round "5"]
[White "Capellades Subirana, Marc"]
[Black "Povill Claros, Xavier"]
[Result "1/2-1/2"]
[WhiteElo "2194"]
[BlackElo "2276"]
[PlyCount "41"]
[EventDate "2019.08.02"]
[EventType "swiss"]
[EventRounds "9"]
[EventCountry "ESP"]
[SourceTitle "EXT 2020"]
[Source "ChessBase"]
[SourceDate "2019.10.17"]
[SourceVersion "1"]
[SourceVersionDate "2019.10.17"]
[SourceQuality "1"]

1. e4 c6 2. d4 d5 3. Nc3 dxe4 4. Nxe4 Bf5 5. Ng3 Bg6 6. Nf3 Nd7 7. Bc4 e6 8. Qe2 Bd6 9. 0-0 Qc7 10. Re1 Ngf6 11. Ne5 0-0 12. h4 b5 13. Bb3 c5 14. h5 Nxh5 15. Nxh5 Bxe5 16. dxe5 c4 17. Nf4 cxb3 18. Nxg6 hxg6 19. axb3 a6 20. c4 Nc5 21. Qc2 1/2-1/2

[Event "La Pobla de Lillet op-A 29th"]
[Site "La Pobla de Lillet"]
[Date "2019.08.04"]
[Round "3"]
[White "Movsziszian, Karen"]
[Black "Povill Claros, Xavier"]
[Result "1-0"]
[WhiteElo "2472"]
[BlackElo "2276"]
[PlyCount "49"]
[EventDate "2019.08.02"]
[EventType "swiss"]
[EventRounds "9"]
[EventCountry "ESP"]
[SourceTitle "EXT 2020"]
[Source "ChessBase"]
[SourceDate "2019.10.17"]
[SourceVersion "1"]
[SourceVersionDate "2019.10.17"]
[SourceQuality "1"]

1. g3 d5 2. Nf3 c5 3. Bg2 Nf6 4. 0-0 e6 5. c4 d4 6. d3 Nc6 7. e3 Bd6 8. exd4 cxd4 9. Bg5 h6 10. Bxf6 Qxf6 11. Nbd2 Qe7 12. Re1 0-0 13. a3 a5 14. Nb3 Qf6 15. c5 Bc7 16. Rc1 e5 17. Nfd2 Be6 18. Nc4 Rad8 19. Nbd2 Qg6 20. Qb3 Rb8 21. Qa4 Bxc4 22. Nxc4 Rfe8 23. b4 axb4 24. axb4 Qxd3 25. Be4 1-0

[Event "Foment Martinenc op-A 21st"]
[Site "Barcelona"]
[Date "2019.06.15"]
[Round "8"]
[White "Bernado Lopez, Roger"]
[Black "Povill Claros, Xavier"]
[Result "1-0"]
[WhiteElo "1968"]
[BlackElo "2273"]
[PlyCount "93"]
[EventDate "2019.04.27"]
[EventType "swiss"]
[EventRounds "9"]
[EventCountry "ESP"]
[SourceTitle "EXT 2020"]
[Source "ChessBase"]
[SourceDate "2019.10.17"]
[SourceVersion "1"]
[SourceVersionDate "2019.10.17"]
[SourceQuality "1"]

1. e4 c6 2. d4 d5 3. e5 Bf5 4. Nf3 e6 5. Be2 Nd7 6. 0-0 h6 7. Nbd2 Ne7 8. c3 g5 9. Re1 Qc7 10. Nf1 0-0-0 11. a4 Bg7 12. b4 f6 13. exf6 Bxf6 14. Ne3 Bg6 15. Ng4 Bg7 16. Bd3 Bh5 17. h3 Bxg4 18. hxg4 e5 19. dxe5 Nxe5 20. Nd4 Qd6 21. Ba3 h5 22. b5 c5 23. b6 Qxb6 24. Rb1 Qh6 25. Nf5 Nxf5 26. gxf5 h4 27. Bxc5 g4 28. f6 Qxf6 29. Rxe5 Qxe5 30. Qxg4+ Rd7 31. Bf5 Qxc3 32. Bxd7+ Kc7 33. Be3 Kb8 34. Rc1 Qb2 35. Bf5 h3 36. Rb1 Qf6 37. Bg5 Qc3 38. Qb4 Qxb4 39. Rxb4 hxg2 40. Kxg2 Rf8 41. Bd3 d4 42. Rb5 Kc7 43. f4 a6 44. Rb1 Re8 45. f5 Kc6 46. a5 Re5 47. Rb6+ 1-0

[Event "Foment Martinenc op-A 21st"]
[Site "Barcelona"]
[Date "2019.05.25"]
[Round "5"]
[White "Marzo Pie, Xavier"]
[Black "Povill Claros, Xavier"]
[Result "0-1"]
[WhiteElo "2114"]
[BlackElo "2273"]
[PlyCount "86"]
[EventDate "2019.04.27"]
[EventType "swiss"]
[EventRounds "9"]
[EventCountry "ESP"]
[SourceTitle "EXT 2020"]
[Source "ChessBase"]
[SourceDate "2019.10.17"]
[SourceVersion "1"]
[SourceVersionDate "2019.10.17"]
[SourceQuality "1"]

1. d4 d5 2. c4 e6 3. Nf3 Nf6 4. Bg5 Bb4+ 5. Nbd2 dxc4 6. Qa4+ Nc6 7. e3 Bd7 8. Qc2 b5 9. a4 a6 10. Ne5 Nxe5 11. dxe5 h6 12. exf6 hxg5 13. fxg7 Rg8 14. Be2 Bc6 15. 0-0-0 Qe7 16. Nxc4 Qc5 17. Rd4 Rxg7 18. Rhd1 Bd5 19. Bf3 c6 20. Nb6 Qxb6 21. Rxb4 0-0-0 22. a5 Qxa5 23. Rbd4 Kb8 24. e4 Rc8 25. b3 Qa1+ 26. Qb1 Qxb1+ 27. Kxb1 Bxb3 28. R1d2 f6 29. Rd6 Kb7 30. Kb2 Bc4 31. h3 a5 32. Kc3 Kb6 33. g3 Kc5 34. h4 gxh4 35. gxh4 b4+ 36. Kb2 a4 37. h5 a3+ 38. Kc2 b3+ 39. Kc3 b2 40. Rd1 Rb7 41. R6d4 Ba2 42. e5 b1Q 43. Rxb1 Rxb1 0-1

[Event "Barcelona Tres Peons-A 21th"]
[Site "Barcelona"]
[Date "2019.01.16"]
[Round "2.2"]
[White "Povill Claros, Xavier"]
[Black "Cardenas, Fernando Adrian"]
[Result "1-0"]
[WhiteElo "2266"]
[BlackElo "1939"]
[PlyCount "39"]
[EventDate "2019.01.09"]
[EventType "swiss"]
[EventRounds "9"]
[EventCountry "ESP"]
[SourceTitle "EXT 2024"]
[Source "ChessBase"]
[SourceDate "2023.10.10"]
[SourceVersion "1"]
[SourceVersionDate "2023.10.10"]
[SourceQuality "1"]

1. Nf3 d5 2. c4 c6 3. e3 Nf6 4. Nc3 e6 5. Qc2 Be7 6. b3 Nbd7 7. Bb2 b6 8. Rg1 Ba6 9. g4 0-0 10. g5 Ne8 11. h4 b5 12. Bd3 bxc4 13. Bxh7+ Kh8 14. Nd4 Qc7 15. Nxe6 fxe6 16. Qg6 Qh2 17. 0-0-0 Qxf2 18. Ne4 dxe4 19. Bxg7+ Nxg7 20. Qh6 1-0

[Event "Barcelona Sants op 20th"]
[Site "Barcelona"]
[Date "2018.08.18"]
[Round "2"]
[White "Povill Claros, Xavier"]
[Black "Heimann, Andreas"]
[Result "0-1"]
[WhiteElo "2277"]
[BlackElo "2590"]
[PlyCount "69"]
[EventDate "2018.08.17"]
[EventType "swiss"]
[EventRounds "10"]
[EventCountry "ESP"]
[SourceTitle "CBM 186 Extra"]
[Source "ChessBase"]
[SourceDate "2018.08.24"]
[SourceVersion "1"]
[SourceVersionDate "2018.08.24"]
[SourceQuality "1"]

1. e4 c5 2. Nf3 d6 3. d4 cxd4 4. Nxd4 Nf6 5. Nc3 a6 6. f3 e5 7. Nb3 Be6 8. Be3 h5 9. Nd5 Bxd5 10. exd5 Nbd7 11. Qd2 g6 12. Be2 Bg7 13. Na5 Qc7 14. 0-0 e4 15. c4 exf3 16. Bxf3 0-0 17. b4 Ne5 18. Rac1 Rfe8 19. Bd4 Rad8 20. Nb3 Qd7 21. Qc3 Nh7 22. Rce1 Rc8 23. Nd2 Re7 24. Bd1 Rce8 25. Kh1 Nf6 26. Bb3 Nfg4 27. Ne4 Nxh2 28. Kxh2 Ng4+ 29. Kg1 Bxd4+ 30. Qxd4 f5 31. Qf6 fxe4 32. Qxg6+ Rg7 33. Qf5 Qd8 34. Rxe4 Ne3 35. Rxe3 0-1

[Event "Catalunya-chT Gp1"]
[Site "Barcelona"]
[Date "2018.02.24"]
[Round "6.2"]
[White "Gonzalez Garcia, Jose"]
[Black "Povill Claros, Xavier"]
[Result "1-0"]
[WhiteElo "2508"]
[BlackElo "2316"]
[PlyCount "69"]
[EventDate "2018.01.20"]
[EventType "team-tourn"]
[EventRounds "7"]
[EventCountry "ESP"]
[SourceTitle "EXT 2019"]
[Source "ChessBase"]
[SourceDate "2018.10.10"]
[SourceVersion "1"]
[SourceVersionDate "2018.10.10"]
[SourceQuality "1"]
[WhiteTeam "Colon Sabadell"]
[BlackTeam "Peona I Peo"]
[WhiteTeamCountry "ESP"]
[BlackTeamCountry "ESP"]

1. Nf3 Nf6 2. c4 e6 3. b3 c5 4. Bb2 b6 5. g3 Bb7 6. Bg2 Be7 7. 0-0 Qc7 8. Nc3 a6 9. e3 0-0 10. Rc1 d6 11. d4 Nbd7 12. d5 exd5 13. cxd5 b5 14. Nh4 Rfe8 15. Nf5 Bf8 16. g4 Nb6 17. g5 Nfd7 18. e4 c4 19. Ne2 Ne5 20. f4 Ng6 21. Neg3 Ne7 22. Ne3 Ng6 23. Ngf5 Ne7 24. Ng3 Ng6 25. Bd4 Rac8 26. Nh5 a5 27. Nf5 c3 28. Rxc3 Qxc3 29. Bxc3 Rxc3 30. Qd4 Rc5 31. Nhxg7 Rec8 32. Nh6+ Kh8 33. Nxf7+ Kg8 34. Nh6+ Kh8 35. Ne6+ 1-0

[Event "Catalunya-chT Gp1"]
[Site "Barcelona"]
[Date "2018.02.10"]
[Round "4.3"]
[White "Povill Claros, Xavier"]
[Black "Touzane, Olivier"]
[Result "1-0"]
[WhiteElo "2316"]
[BlackElo "2283"]
[PlyCount "145"]
[EventDate "2018.01.20"]
[EventType "team-tourn"]
[EventRounds "7"]
[EventCountry "ESP"]
[SourceTitle "CBM 182 Extra"]
[Source "ChessBase"]
[SourceDate "2018.02.23"]
[SourceVersion "1"]
[SourceVersionDate "2018.02.23"]
[SourceQuality "1"]
[WhiteTeam "Peona I Peo"]
[BlackTeam "Figueres"]
[WhiteTeamCountry "ESP"]
[BlackTeamCountry "ESP"]

1. d4 Nf6 2. c4 g6 3. Nc3 Bg7 4. e4 d6 5. f3 Nbd7 6. Be3 a6 7. Nge2 c6 8. c5 0-0 9. Qd2 dxc5 10. dxc5 Ne5 11. Nd4 Qa5 12. Nb3 Qc7 13. Be2 Be6 14. Qc2 Nc4 15. Bf2 Bh6 16. Nd1 Ne5 17. 0-0 Rad8 18. Nd4 Bc8 19. Nc3 Nh5 20. g3 Bh3 21. Rfd1 Rd7 22. Nb3 Rxd1+ 23. Rxd1 f5 24. Nd4 fxe4 25. Nxe4 Kh8 26. f4 Nf7 27. Bxh5 gxh5 28. f5 Nd8 29. f6 e5 30. Nf3 Bg4 31. Rd3 Nf7 32. Nd6 Nxd6 33. cxd6 Qd8 34. Qc3 Rxf6 35. Qxe5 Bg7 36. Ng5 Kg8 37. Qc5 Qd7 38. Ne4 Re6 39. Qc4 Be2 40. Ng5 Bxd3 41. Qxe6+ Qxe6 42. Nxe6 Bxb2 43. d7 Bf6 44. Bd4 Be7 45. d8Q+ Bxd8 46. Nxd8 c5 47. Bxc5 Be4 48. a4 Bd5 49. Kf2 Kg7 50. Ke3 a5 51. Kd4 Bb3 52. Nxb7 h4 53. gxh4 Bxa4 54. Nxa5 Kg6 55. Ke5 Bc2 56. Nc6 Bb1 57. Bf2 Bc2 58. Nd4 Bb1 59. Ne2 Kh5 60. Kf4 Kg6 61. Ng3 Bc2 62. h5+ Kf6 63. Bd4+ Ke6 64. Kg5 Kd5 65. Bf6 Kc4 66. Nf5 Kd3 67. Ng7 Ke3 68. Ne6 Kf2 69. Nf8 Kg2 70. h4 Kf3 71. Kh6 Kg4 72. Nxh7 Kf5 73. Kg7 1-0

[Event "Girona Tardor Tancat"]
[Site "Girona"]
[Date "2017.12.12"]
[Round "9"]
[White "Povill Claros, Xavier"]
[Black "Castrillon Otero, Javier"]
[Result "1-0"]
[WhiteElo "2332"]
[BlackElo "2189"]
[PlyCount "137"]
[EventDate "2017.09.26"]
[EventType "tourn"]
[EventRounds "9"]
[EventCountry "ESP"]
[SourceTitle "EXT 2019"]
[Source "ChessBase"]
[SourceDate "2018.10.10"]
[SourceVersion "1"]
[SourceVersionDate "2018.10.10"]
[SourceQuality "1"]

1. d4 d5 2. c4 e6 3. Nc3 Nf6 4. cxd5 exd5 5. Bg5 Be7 6. e3 c6 7. Bd3 Nbd7 8. Qc2 Nh5 9. Bxe7 Qxe7 10. Nf3 g6 11. 0-0 0-0 12. Rab1 Nb6 13. b4 a6 14. a4 Ng7 15. b5 axb5 16. axb5 c5 17. dxc5 Qxc5 18. Nd4 Be6 19. Qb2 Rfc8 20. Nce2 Nc4 21. Bxc4 dxc4 22. Nc3 Bf5 23. Nxf5 Nxf5 24. Ne4 Qa3 25. Qe5 Qe7 26. Qxe7 Nxe7 27. Nd6 Rc7 28. b6 Rc6 29. Nxb7 Ra6 30. Na5 Rcxb6 31. Rxb6 Rxb6 32. Nxc4 Rc6 33. Ne5 Re6 34. Nf3 h5 35. h4 Nc6 36. Rd1 Ne5 37. Ng5 Re7 38. Rd2 Kg7 39. Re2 Ra7 40. f3 Ra4 41. e4 Ra1+ 42. Kh2 Ra7 43. Kg3 Rd7 44. Rc2 Rb7 45. Rc5 Re7 46. Rd5 Nd7 47. Nh3 Nf6 48. Rd4 Rd7 49. Rxd7 Nxd7 50. Kf4 Nc5 51. Nf2 Kf6 52. Ke3 Ne6 53. Nd3 Ke7 54. g4 hxg4 55. fxg4 Kf6 56. e5+ Kg7 57. Ke4 f6 58. Nf4 Nc5+ 59. Kd5 Nd7 60. e6 Ne5 61. Kd6 Kf8 62. h5 gxh5 63. gxh5 Nc4+ 64. Kd5 Nb6+ 65. Ke4 Nc8 66. Kf5 Kg7 67. Nd5 Nd6+ 68. Kf4 Kh6 69. Nxf6 1-0

[Event "Girona Tardor Tancat"]
[Site "Girona"]
[Date "2017.11.14"]
[Round "6"]
[White "Molina Carretero, Daniel"]
[Black "Povill Claros, Xavier"]
[Result "1/2-1/2"]
[WhiteElo "2325"]
[BlackElo "2332"]
[PlyCount "43"]
[EventDate "2017.09.26"]
[EventType "tourn"]
[EventRounds "9"]
[EventCountry "ESP"]
[SourceTitle "EXT 2019"]
[Source "ChessBase"]
[SourceDate "2018.10.10"]
[SourceVersion "1"]
[SourceVersionDate "2018.10.10"]
[SourceQuality "1"]

1. e4 c6 2. d4 d5 3. e5 Bf5 4. h4 h5 5. Bg5 Qa5+ 6. Nc3 e6 7. Bd3 Bxd3 8. Qxd3 Qa6 9. Rh3 Qxd3 10. Rxd3 Nd7 11. Nf3 Ne7 12. Kf1 f6 13. exf6 gxf6 14. Bf4 Ng6 15. Bg3 Bh6 16. Re1 Kf7 17. Rdd1 Rhg8 18. Bd6 Rae8 19. g3 Ne7 20. Ne2 Nf5 21. Bf4 Bg7 22. Bc1 1/2-1/2

[Event "Girona Tardor Tancat"]
[Site "Girona"]
[Date "2017.10.24"]
[Round "4"]
[White "Bigas Hospital, Jordi"]
[Black "Povill Claros, Xavier"]
[Result "0-1"]
[WhiteElo "2122"]
[BlackElo "2332"]
[PlyCount "70"]
[EventDate "2017.09.26"]
[EventType "tourn"]
[EventRounds "9"]
[EventCountry "ESP"]
[SourceTitle "EXT 2019"]
[Source "ChessBase"]
[SourceDate "2018.10.10"]
[SourceVersion "1"]
[SourceVersionDate "2018.10.10"]
[SourceQuality "1"]

1. d4 d5 2. Nf3 Nf6 3. c4 e6 4. g3 dxc4 5. Bg2 Bd7 6. Qc2 Bc6 7. Qxc4 Nbd7 8. 0-0 Bd5 9. Qa4 c5 10. Nc3 Bc6 11. Qd1 Bd6 12. d5 Nxd5 13. Nxd5 exd5 14. e4 d4 15. e5 Be7 16. Re1 0-0 17. b4 Re8 18. e6 fxe6 19. Rxe6 Bd5 20. Re1 Bf6 21. Rxe8+ Qxe8 22. bxc5 Nxc5 23. Bb2 Rd8 24. Rc1 b6 25. Ne1 Bxa2 26. Nd3 Bb3 27. Qd2 Nxd3 28. Qxd3 Bf7 29. Bf3 Qe7 30. Ba3 Qd7 31. Be4 h6 32. Bc6 Qe6 33. Ba4 Rc8 34. Bc2 g6 35. Bb4 Qc4 0-1

[Event "Girona Tardor Tancat"]
[Site "Girona"]
[Date "2017.09.26"]
[Round "1"]
[White "Parramon Ros, Francesco"]
[Black "Povill Claros, Xavier"]
[Result "0-1"]
[WhiteElo "2224"]
[BlackElo "2332"]
[PlyCount "108"]
[EventDate "2017.09.26"]
[EventType "tourn"]
[EventRounds "9"]
[EventCountry "ESP"]
[SourceTitle "EXT 2019"]
[Source "ChessBase"]
[SourceDate "2018.10.10"]
[SourceVersion "1"]
[SourceVersionDate "2018.10.10"]
[SourceQuality "1"]

1. e4 c6 2. d4 d5 3. exd5 cxd5 4. Bd3 Nc6 5. c3 Qc7 6. Ne2 Bg4 7. 0-0 e6 8. Qe1 Bxe2 9. Qxe2 Bd6 10. g3 Nf6 11. Nd2 0-0-0 12. f4 h5 13. Nf3 Ne7 14. Bd2 Nf5 15. Ne5 Kb8 16. b4 Ng4 17. Nxg4 hxg4 18. Qxg4 g6 19. Rf2 Nh6 20. Qf3 f5 21. Re1 Ng4 22. Rfe2 Rh3 23. Rg2 Qh7 24. Ree2 Rh8 25. Be3 Nxh2 26. Rxh2 Rxh2 27. Kf1 Qh3+ 28. Ke1 Rxe2+ 29. Bxe2 Qh1+ 30. Qxh1 Rxh1+ 31. Bf1 g5 32. Kf2 gxf4 33. gxf4 Kc7 34. Kg2 Rh8 35. Kg3 a5 36. b5 Rc8 37. c4 dxc4 38. Bxc4 Kd7 39. Bb3 Rc3 40. Kf2 Bc7 41. d5 e5 42. fxe5 Bxe5 43. Bd2 Rh3 44. Bxa5 f4 45. Bb6 Bc7 46. Bc5 Rc3 47. Bd4 Rd3 48. Bc5 b6 49. Ba3 Bd6 50. Bc1 Rc3 51. Bd2 Rg3 52. Bc2 Bc5+ 53. Kf1 f3 54. Bf5+ Ke8 0-1

[Event "Barcelona Sants op 19th"]
[Site "Barcelona"]
[Date "2017.08.22"]
[Round "5"]
[White "Wang, Jiaqi"]
[Black "Povill Claros, Xavier"]
[Result "1-0"]
[WhiteElo "2033"]
[BlackElo "2337"]
[PlyCount "75"]
[EventDate "2017.08.18"]
[EventType "swiss"]
[EventRounds "10"]
[EventCountry "ESP"]
[SourceTitle "CBM 180 Extra"]
[Source "ChessBase"]
[SourceDate "2017.10.06"]
[SourceVersion "1"]
[SourceVersionDate "2017.10.06"]
[SourceQuality "1"]

1. d4 f5 2. c4 Nf6 3. Nc3 e6 4. Nf3 Bb4 5. Bd2 c5 6. e3 b6 7. a3 Bxc3 8. Bxc3 0-0 9. Bd3 Ne4 10. Qc2 Bb7 11. Rd1 d6 12. b3 Nxc3 13. Qxc3 Qf6 14. Be2 Nc6 15. 0-0 Rad8 16. b4 Rc8 17. Qb3 Rc7 18. Rd2 cxb4 19. axb4 Nb8 20. Ra1 a6 21. Ne1 Rfc8 22. Rc1 g5 23. Rdc2 Nd7 24. Bf3 Bxf3 25. Nxf3 g4 26. Ne1 h5 27. Nd3 Qf7 28. c5 dxc5 29. dxc5 b5 30. Nf4 Rc6 31. Rd1 Ne5 32. Rcd2 h4 33. Qb2 Qg7 34. Nh5 Qc7 35. Rd7 Qb8 36. Nf6+ Kf8 37. Rh7 g3 38. Nd7+ 1-0

[Event "Catalunya-chT Gp1"]
[Site "Barcelona"]
[Date "2017.02.18"]
[Round "5.5"]
[White "Povill Claros, Xavier"]
[Black "Banos, Oscar Francisco"]
[Result "1-0"]
[WhiteElo "2191"]
[BlackElo "2188"]
[PlyCount "79"]
[EventDate "2017.01.21"]
[EventType "team-tourn"]
[EventRounds "7"]
[EventCountry "ESP"]
[SourceTitle "EXT 2018"]
[Source "ChessBase"]
[SourceDate "2017.10.13"]
[SourceVersion "1"]
[SourceVersionDate "2017.10.13"]
[SourceQuality "1"]
[WhiteTeam "Peona I Peo"]
[BlackTeam "Figueres"]
[WhiteTeamCountry "ESP"]
[BlackTeamCountry "ESP"]

1. e4 e6 2. d4 d5 3. Bd3 dxe4 4. Bxe4 Nf6 5. Bf3 c5 6. Ne2 Nc6 7. Be3 cxd4 8. Nxd4 Bb4+ 9. c3 Nxd4 10. Qxd4 Qxd4 11. Bxd4 Be7 12. a4 0-0 13. a5 a6 14. Nd2 Nd7 15. Nc4 f6 16. Be3 Bc5 17. Bxc5 Nxc5 18. 0-0-0 Rb8 19. b4 Nd7 20. Rd6 Kf7 21. Rhd1 Ke7 22. R1d2 Re8 23. Bd1 Ne5 24. Nxe5 fxe5 25. Bc2 h6 26. c4 Rf8 27. f3 g5 28. h3 h5 29. Bg6 Rf4 30. Be4 Rf8 31. Bg6 Rf4 32. Be4 Rf8 33. c5 g4 34. hxg4 hxg4 35. Rb6 gxf3 36. gxf3 Rd8 37. c6 Rd4 38. Rxd4 exd4 39. cxb7 Bd7 40. b5 1-0